[Event "IND AICF-ch blind 18th"]
[Site "Odisha"]
[Date "2025.04.06"]
[Round "9"]
[White "Samant, Milind"]
[Black "Marimuthu, K."]
[Result "1-0"]
[WhiteElo "1761"]
[BlackElo "1781"]
[PlyCount "75"]
[EventDate "2025.04.02"]
[EventType "swiss"]
[EventRounds "9"]
[EventCountry "IND"]
[SourceTitle "CB15_2025"]
[SourceDate "2025.04.09"]
[SourceVersion "1"]
[SourceVersionDate "2025.04.09"]
[SourceQuality "1"]

1. e4 c5 2. Nf3 e6 3. c4 Nc6 4. Nc3 a6 5. Be2 Qc7 6. 0-0 Nge7 7. Re1 Ng6 8. d3 Be7 9. g3 Rb8 10. Bf1 b6 11. Bg2 Bb7 12. h4 Nd4 13. Nxd4 cxd4 14. Ne2 e5 15. h5 Nf8 16. f4 f6 17. fxe5 fxe5 18. Bh3 Ne6 19. Bxe6 dxe6 20. Kg2 0-0 21. Ng1 Rf7 22. Nh3 Rbf8 23. Qg4 Qd7 24. b3 b5 25. a4 Bc8 26. Re2 Rf1 27. Nf2 Rxc1 28. Rxc1 bxa4 29. bxa4 Qxa4 30. Rb2 Bb4 31. Qg5 Qa5 32. Ng4 Qa3 33. Rf2 Qxd3 34. Rxf8+ Bxf8 35. Nh6+ Kh8 36. Rf1 Qxe4+ 37. Kh3 g6 38. Rxf8+ 1-0

[Event "IND AICF-ch blind 18th"]
[Site "Odisha"]
[Date "2025.04.05"]
[Round "8"]
[White "Marimuthu, K."]
[Black "Harris Sujin, John"]
[Result "1-0"]
[WhiteElo "1781"]
[BlackElo "1577"]
[PlyCount "57"]
[EventDate "2025.04.02"]
[EventType "swiss"]
[EventRounds "9"]
[EventCountry "IND"]
[SourceTitle "CB15_2025"]
[SourceDate "2025.04.09"]
[SourceVersion "1"]
[SourceVersionDate "2025.04.09"]
[SourceQuality "1"]

1. d4 d5 2. Nc3 Nf6 3. Bf4 c6 4. Qd2 Bf5 5. f3 h5 6. 0-0-0 Nbd7 7. Re1 b5 8. e4 dxe4 9. fxe4 Be6 10. d5 Nc5 11. dxe6 Qa5 12. exf7+ Kxf7 13. Nf3 b4 14. Ne5+ Kg8 15. Bc4+ e6 16. Nb1 Qb6 17. Bg5 a5 18. Qe3 Rb8 19. Rhf1 a4 20. Nd2 b3 21. cxb3 axb3 22. Nxb3 Nxb3+ 23. Qxb3 Qxb3 24. Bxb3 Re8 25. Ng6 Rh7 26. Nxf8 Kxf8 27. Bxf6 gxf6 28. Rxf6+ Kg7 29. Ref1 1-0

[Event "IBCA World-chT blind 9th"]
[Site "Ohrid"]
[Date "2022.07.02"]
[Round "5.2"]
[White "Marimuthu, K."]
[Black "Schulz, Gert"]
[Result "0-1"]
[WhiteElo "1626"]
[BlackElo "1931"]
[PlyCount "102"]
[EventDate "2022.06.28"]
[EventType "team-swiss"]
[EventRounds "9"]
[EventCountry "MKD"]
[SourceTitle "EXT 2024"]
[Source "ChessBase"]
[SourceDate "2023.10.10"]
[SourceVersion "1"]
[SourceVersionDate "2023.10.10"]
[SourceQuality "1"]
[WhiteTeam "India"]
[BlackTeam "Germany"]
[WhiteTeamCountry "IND"]
[BlackTeamCountry "GER"]

1. d4 Nf6 2. Bf4 e6 3. e3 b6 4. Nd2 Bb7 5. c3 d5 6. Bd3 Nbd7 7. Ngf3 Nh5 8. Bg5 Be7 9. Ne5 Nxe5 10. dxe5 Bxg5 11. Qxh5 g6 12. Qe2 Bh6 13. 0-0 0-0 14. Rad1 c5 15. f4 Bg7 16. Qg4 Qe7 17. c4 Ba6 18. b3 Rad8 19. e4 d4 20. Rde1 Bc8 21. Qg3 f5 22. exf6 Bxf6 23. Nf3 e5 24. f5 Kh8 25. h4 Rg8 26. Qh3 g5 27. hxg5 Bxg5 28. Nxg5 Rxg5 29. Rf3 Rdg8 30. Kf2 Qg7 31. Rg1 Bd7 32. a4 a5 33. g3 Be8 34. Rh1 Rh5 35. Qxh5 Bxh5 36. Rxh5 Rf8 37. Be2 Rf6 38. Rd3 Rh6 39. Rxh6 Qxh6 40. Bf3 Qc1 41. g4 Kg7 42. Rd1 Qe3+ 43. Kg3 h6 44. Rh1 Qxb3 45. f6+ Kxf6 46. Rxh6+ Kg7 47. Rh5 d3 48. Rh1 Qxc4 49. g5 Qxa4 50. Rh6 Qb3 51. Rd6 Qc2 0-1

[Event "Online Olym Disabilities"]
[Site "Tornelo INT"]
[Date "2020.11.23"]
[Round "3.14"]
[White "Marimuthu, K."]
[Black "Barata, Adriano Albiani"]
[Result "1-0"]
[WhiteElo "1588"]
[BlackElo "2144"]
[PlyCount "47"]
[EventDate "2020.11.21"]
[EventType "team-swiss (rapid)"]
[EventRounds "7"]
[EventCountry "NET"]
[SourceTitle "CBM 199 Extra"]
[Source "ChessBase"]
[SourceDate "2021.01.31"]
[SourceVersion "1"]
[SourceVersionDate "2021.01.31"]
[SourceQuality "1"]
[WhiteTeam "India IV"]
[BlackTeam "Brazil"]
[WhiteTeamCountry "IND"]
[BlackTeamCountry "BRA"]

1. d4 Nf6 2. c4 c5 3. d5 b5 4. Qc2 bxc4 5. e4 d6 6. Bxc4 g6 7. Nc3 Bg7 8. h3 0-0 9. Nf3 Ba6 10. Bxa6 Nxa6 11. 0-0 Nb4 12. Qe2 a5 13. Bg5 Nd7 14. a3 Na6 15. Qd2 Re8 16. Rfe1 Rb8 17. Rab1 Qb6 18. Bh6 Bh8 19. h4 c4 20. g3 Nac5 21. Be3 Qa6 22. Kg2 Nd3 23. Rh1 N7c5 24. h5 1-0

[Event "Online Olym Disabilities"]
[Site "Tornelo INT"]
[Date "2020.11.22"]
[Round "2.3"]
[White "Ovcharov, Taras"]
[Black "Marimuthu, K."]
[Result "1/2-1/2"]
[WhiteElo "2007"]
[BlackElo "1588"]
[PlyCount "91"]
[EventDate "2020.11.21"]
[EventType "team-swiss (rapid)"]
[EventRounds "7"]
[EventCountry "NET"]
[SourceTitle "CBM 199 Extra"]
[Source "ChessBase"]
[SourceDate "2021.01.31"]
[SourceVersion "1"]
[SourceVersionDate "2021.01.31"]
[SourceQuality "1"]
[WhiteTeam "Ukraine II"]
[BlackTeam "India IV"]
[WhiteTeamCountry "UKR"]
[BlackTeamCountry "IND"]

1. e4 c5 2. c3 d5 3. exd5 Qxd5 4. d4 Nc6 5. Nf3 Bf5 6. Be3 Nf6 7. c4 Qd6 8. Na3 a6 9. d5 Ne5 10. Be2 e6 11. dxe6 Qxe6 12. Qa4+ Nc6 13. 0-0 Be7 14. Nb5 Rc8 15. Na7 b5 16. Qxa6 Nxa7 17. Qxa7 0-0 18. Qa5 Ra8 19. Qc3 Ng4 20. cxb5 Bf6 21. Qxc5 Rfc8 22. Qb6 Qe7 23. a4 Rab8 24. Qa7 Rb7 25. Qa6 Nxe3 26. fxe3 Qxe3+ 27. Kh1 Ra7 28. Qd6 Qxe2 29. b6 Rd7 30. Qf4 Rc2 31. Qb8+ Rd8 32. Qg3 Bc8 33. Rfe1 Qf2 34. Qxf2 Rxf2 35. Rab1 Bb7 36. a5 g6 37. b4 Bxf3 38. gxf3 Rdd2 39. Re4 Rxh2+ 40. Kg1 Rdg2+ 41. Kf1 Rf2+ 42. Kg1 Rhg2+ 43. Kh1 Rh2+ 44. Kg1 Rhg2+ 45. Kh1 Rh2+ 46. Kg1 1/2-1/2

[Event "Asian-ch IBCA Visually Challenged"]
[Site "Udupi"]
[Date "2017.03.31"]
[Round "8.5"]
[White "Marimuthu, K."]
[Black "Yudhajeet, De"]
[Result "1-0"]
[WhiteElo "1559"]
[BlackElo "1725"]
[PlyCount "129"]
[EventDate "2017.03.23"]
[EventType "swiss"]
[EventRounds "8"]
[EventCountry "IND"]
[SourceTitle "EXT 2024"]
[Source "ChessBase"]
[SourceDate "2023.10.10"]
[SourceVersion "1"]
[SourceVersionDate "2023.10.10"]
[SourceQuality "1"]

1. d4 d5 2. c4 Bf5 3. Nc3 e6 4. cxd5 exd5 5. Qb3 Nc6 6. Nf3 Nf6 7. Bg5 Nb4 8. Rc1 Rb8 9. a3 Nc6 10. Bxf6 Qxf6 11. Nxd5 Qd8 12. Ne3 Be4 13. d5 Bxf3 14. exf3 Ne5 15. Qc3 Bd6 16. Bb5+ Kf8 17. 0-0 Qh4 18. Rfd1 Qg5 19. Be2 Ke7 20. g3 Nd7 21. Ng2 Rhd8 22. Qc2 Nf6 23. f4 Qg6 24. Bd3 Qh5 25. Nh4 Qxd5 26. Bxh7 Qh5 27. Be4 Kf8 28. Bf3 Qa5 29. Qb3 Nd7 30. Bd5 Qb6 31. Bxf7 Qxb3 32. Bxb3 Nc5 33. Ba2 Ke7 34. b4 Na4 35. Re1+ Kd7 36. Be6+ Ke7 37. Bb3+ Kd7 38. Bxa4+ c6 39. b5 Rbc8 40. Red1 Ke7 41. Nf5+ Ke6 42. Nxd6 Rxd6 43. Bb3+ Ke7 44. Re1+ Kf8 45. Re5 Rf6 46. h4 Rc7 47. Rd1 Rc8 48. Rd7 Re8 49. Rxe8+ Kxe8 50. Rxg7 cxb5 51. Rxb7 Ra6 52. h5 Rxa3 53. h6 Ra6 54. h7 Rh6 55. h8Q+ Rxh8 56. Rb8+ Ke7 57. Rxh8 a5 58. Rb8 a4 59. Ba2 Kd6 60. Rxb5 a3 61. g4 Kc6 62. Rh5 Kb6 63. g5 Kb5 64. g6+ Kb4 65. g7 1-0

[Event "Asian-ch IBCA Visually Challenged"]
[Site "Udupi"]
[Date "2017.03.30"]
[Round "7.4"]
[White "Shah, Swapanil"]
[Black "Marimuthu, K."]
[Result "1/2-1/2"]
[WhiteElo "1705"]
[BlackElo "1559"]
[PlyCount "45"]
[EventDate "2017.03.23"]
[EventType "swiss"]
[EventRounds "8"]
[EventCountry "IND"]
[SourceTitle "EXT 2024"]
[Source "ChessBase"]
[SourceDate "2023.10.10"]
[SourceVersion "1"]
[SourceVersionDate "2023.10.10"]
[SourceQuality "1"]

1. e4 d5 2. exd5 Nf6 3. d4 Bg4 4. Be2 Bxe2 5. Qxe2 Qxd5 6. Nf3 Nc6 7. c3 e6 8. Bf4 Bd6 9. Bxd6 cxd6 10. Nbd2 b5 11. 0-0 0-0 12. Rfe1 Rfb8 13. h3 a5 14. Rec1 h6 15. Qe3 Qh5 16. Ne4 Nxe4 17. Qxe4 d5 18. Qe3 Qf5 19. Ne5 Nxe5 20. Qxe5 Qxe5 21. dxe5 Rc8 22. Kf1 Rab8 23. a3 1/2-1/2